01022nam a2200181Ia 450000500170000000800410001702000150005805000220007310000340009524500470012925000180017626000300019430000250022450401700024950503170041965000570073665000470079320231102151625.0120721s2013 mx 000 0 spa d a970984909314aKGF4589bC37 2013 aCarrasco Iriarte, Hugoeautor10aDerecho fiscal Ic / Hugo Carrasco Iriarte a6a. edición aMéxicob : IUREc, 2013 axxxii, 571 páginas aContenido (pp.vii) Prólogo (pp.xxxi) Abreviaturas (pp.xxxiii) Nociones previas (pp.1) Cuadro resumen (pp.529) Bibliografía (pp.537) Índice de materias (pp.541) aUnidad 1. Principios constitucionales de las contribuciones Unidad 2. Elementos sustaciales de las contribuciones Unidad 3. Elementos instrumentales par el cumplimiento de las contribuciones Unidad 4. Incumplimiento de las contribuciones Unidad 5. Sistema Nacional de Contribuciones Unidad 6. Impuestos federales14aFINANZAS PÚBLICASxLEYES Y LEGISLACIÓNzMÉXICO aIMPUESTOSxLEYES Y LEGISLACIÓNzMÉXICO